UBT Library

THE CORRESPONDENCE OF ISAAC NEWTON (Record no. 58880)

000 -LEADER
fixed length control field 00306nam a22001337a 4500
008 - FIXED-LENGTH DATA ELEMENTS--GENERAL INFORMATION
fixed length control field 221114b ||||| |||| 00| 0 eng d
041 ## - LANGUAGE CODE
Language code of text/sound track or separate title eng
080 ## - UNIVERSAL DECIMAL CLASSIFICATION NUMBER
Edition identifier 1
Universal Decimal Classification number 101
082 ## - DEWEY DECIMAL CLASSIFICATION NUMBER
Classification number 101 TUR
100 ## - Rafti
Rafti 44.1
101 ## - Shkurtesa
Shkurtesa FILO
245 ## - TITLE STATEMENT
Title THE CORRESPONDENCE OF ISAAC NEWTON
Statement of responsibility, etc TURNBULL W.H
942 ## - ADDED ENTRY ELEMENTS (KOHA)
Source of classification or shelving scheme
Item type Books
Holdings
Withdrawn status Lost status Source of classification or shelving scheme Damaged status Not for loan Collection code Permanent location Current location Date acquired Total Checkouts Full call number Barcode Date last seen Price effective from Koha item type
          Koleksioni i përgjithshem UBT - Lipjan UBT - Lipjan 11/14/2022   101 TUR 002-800028700260641 11/14/2022 11/14/2022 Books
          Koleksioni i përgjithshem UBT - Lipjan UBT - Lipjan 11/14/2022   101 TUR 002-800028700260642 11/14/2022 11/14/2022 Books
UBT Library © 2015-2024. All rights reserved University Education for Business and Technology